000 00539nam a22001697a 4500
005 20251108165841.0
008 250721s1992 xx 000 0 ara d
082 1 4 _aط/928.1/محم
100 1 _aشاهين، أحمد عمر
245 1 0 _aمحمد إسعاف النشاشيبي :
_bأديب العربية /
264 1 _aبيروت :
_bدار المبتدأ للطباعة و النشر،
_c1992.
300 _a29ص
490 0 _aالمكتبة الوطنية ؛ 5
650 1 7 _aالتراجم
942 _2ddc
_cBK
999 _c32894
_d32894